Power system voltage stability / (Record no. 8941)

MARC details
000 -LEADER
fixed length control field 01529nam a2200193 a 4500
020 ## - INTERNATIONAL STANDARD BOOK NUMBER
ISBN 0070631840 (hardcover)
020 ## - INTERNATIONAL STANDARD BOOK NUMBER
ISBN 9780070631847 (hardcover)
100 1# - MAIN ENTRY--AUTHOR NAME
Personal name Taylor, Carson W.
245 10 - TITLE STATEMENT
Title Power system voltage stability /
260 ## - PUBLICATION, DISTRIBUTION, ETC. (IMPRINT)
Place of publication [S.l.] :
Name of publisher Mcgraw-Hill (Tx),
Year of publication 1993.
300 ## - PHYSICAL DESCRIPTION
Number of Pages 273 p. ;
490 1# - SERIES STATEMENT
Series statement Electric power research institute power system engineering.
520 ## - SUMMARY, ETC.
Summary, etc Voltage stability is a major concern in the planning and operation of electric power systems. This book provides a clear, in-depth explanation of voltage stability, covering both transient and longer-term phenomena and presenting proven solutions to instability problems. The book describes equipment characteristics for transmission, generation, and distribution/load subsystems of a power system, together with methods for the modelling of equipment. Readers will find static and dynamic computer simulation examples for small equivalent power systems and for a very large power system, plus an account of voltage stability associated with HVDC links. They will also get helpful planning and operating guidelines, computer methods for power flow and dynamic simulation, and descriptions of actual voltage instability incidents.
856 40 - ELECTRONIC LOCATION AND ACCESS
Uniform Resource Identifier http://www.amazon.com/exec/obidos/ASIN/0070631840/chopaconline-20
Holdings
Withdrawn status Lost status Collection code Home library Current library Date acquired Cost, normal purchase price Full call number Accession Number Koha item type
    Reference Reference Section Reference Section 21/08/2014 950.30 TAY (Shelf - 50E) 21221 Books